Statistiques concernant Gares de la Somme

Cliquez ici pour prendre le quiz!

Statistiques générales

  • Ce quiz a été pris 73 fois
    (21 depuis la dernière actualisation)
  • Le résultat moyen est 16 sur 42

Statistiques - réponses

Nombre de voyageursGares% Correct
5 360 735Amiens
100%
757 362Abbeville
88%
18 323Boves
82%
473 720Albert
76%
475 674Longueau
76%
158 727Montdidier
76%
79 609Saint Roch
71%
128 871Ham
65%
362 926Corbie
59%
168 956Villers Bretonneux
59%
105 527Rue
53%
134 750Ailly sur Somme
47%
153 728Moreuil
47%
111 004Rosières
47%
110 710Ailly sur Noye
35%
85 930Chaulnes
35%
375 044Haute Picardie TGV
35%
72 574Nesle
35%
78 623Noyelles sur Mer
35%
100 866Poix de Picardie
35%
14 525Thézy - Glimont
35%
50 551Marcelcave
29%
8 475Dreuil lès Amiens
24%
16 867Hargicourt - Pierrepont
24%
39 174Méricourt - Ribémont
24%
16 813Pont Rémy
24%
2 990Buire sur l'Ancre
18%
31 699Daours
18%
8 642Dommartin - Remiencourt
18%
43 635Hangest sur Somme
18%
5 151Heilly
18%
8 722La Faloise
18%
140 421Longpré lès Corps Saints
18%
459Namps - Quevauvillers
18%
67 126Picquigny
18%
235Acheux - Franleux
12%
5 618Chépy - Valines
12%
238Feuquerolles
12%
9 990Feuquières - Fressenneville
12%
16 114Miraumont
12%
334Quesnoy le Montant
12%
7 732Woincourt
12%

Distribution des résultats

Percentile par nombre de réponses

% des personnes avec chaque résultat

Votre développement - résultats

Vous n’avez pas pris ce quiz depuis la dernière actualisation